000 00799cab a2200241 4500
001 ABS55461
008 090401t1996 xxu||||| |||| 00| 0 eng d
035 _a(Sirsi) u16634
041 _aeng
100 _aCatt, R.
245 _aSettlement or subsidence?
260 _c1996
350 _a0
490 _aMortgage Finance
_vJuly 1996, 42-43(2)
520 _aReminds surveyors of the differences between settlement and subsidence. Stresses that because settlement is not usually an insured peril under building insurance policies, surveyors need to be certain when making a diagnosis.
650 _aBUILDING DEFECTS
650 _aGROUND MOVEMENT
650 _aSETTLEMENT
650 _aSUBSIDENCE
690 _aBUILT ENVIRONMENT-BUILDING PATHOLOGY
942 _n0
948 _c04/03/1997
999 _c10979
_d10979